El cacique (Record no. 132330)

MARC details
000 -LEADER
campo de control de longitud fija 00509nam a2200181 4500
001 - NÚMERO DE CONTROL
campo de control 132330
003 - IDENTIFICADOR DE NÚMERO DE CONTROL
campo de control ES-MaACL
005 - FECHA Y HORA DE LA ÚLTIMA TRANSACCIÓN
campo de control 20240531062943.0
007 - CAMPO FIJO DE DESCRIPCIÓN FÍSICA--INFORMACIÓN GENERAL
campo de control de longitud fija t|
008 - DATOS DE LONGITUD FIJA--INFORMACIÓN GENERAL
campo de control de longitud fija 070214s1963 sp r ||||1| spa d
100 1# - ENTRADA PRINCIPAL--NOMBRE DE PERSONA
Nombre de persona Romero Pérez, Luis,
Fechas asociadas al nombre 1916-2009
9 (RLIN) 99338
245 13 - MENCIÓN DEL TÍTULO
Título El cacique
Resto del título : novela /
Mención de responsabilidad, etc. Luis Romero.
260 ## - PUBLICACIÓN, DISTRIBUCIÓN, ETC.
Lugar de publicación, distribución, etc. Barcelona :
Nombre del editor, distribuidor, etc. Planeta,
Fecha de publicación, distribución, etc. 1963.
300 ## - DESCRIPCIÓN FÍSICA
Extensión 346 p. ;
Dimensiones 19 cm.
500 ## - NOTA GENERAL
Nota general Premio Planeta 1963.
852 ## - LOCALIZACIÓN
Ubicación ES-MaACL
Número de control de estantería C-24671
Sublocalización o colección R.53484
Holdings
Estatus retirado Estado de pérdida Estado de daño No para préstamo Biblioteca de origen Biblioteca actual Ubicación en estantería Fecha de adquisición Fuente de adquisición Total de préstamos Signatura topográfica completa Código de barras Visto por última vez Precio de reemplazo Tipo de ítem Koha
        Biblioteca del Ateneo de Madrid Biblioteca del Ateneo de Madrid Depósito 2 17/01/2008     C-24671 1137771 23/02/2023 23/02/2023 Libro impreso